| 000 | 00348cam a22001097a 4500 | ||
|---|---|---|---|
| 008 | 180718b1987 xxu||||| |||| 00| 0 eng d | ||
| 082 | _aR22068x5458 K45/1982-85 | ||
| 245 |
_aReport on wage structure survey 1982-85 _cby Department of Economics and Statistics |
||
| 260 |
_aTrivandrum. _bGovernment of Kerala _c1987 |
||
| 300 | _a44p | ||
| 700 | _aKerala. | ||
| 999 |
_c496015 _d496015 |
||